header

Advertising and promotion : (Record no. 266195)

MARC details
000 -LEADER
fixed length control field 01270cam a22003734i 4500
001 - CONTROL NUMBER
control field 17917337
003 - CONTROL NUMBER IDENTIFIER
control field OSt
005 - DATE AND TIME OF LATEST TRANSACTION
control field 20260416090219.0
008 - FIXED-LENGTH DATA ELEMENTS--GENERAL INFORMATION
fixed length control field 131024s2015 nyua b 001 0 eng
010 ## - LIBRARY OF CONGRESS CONTROL NUMBER
LC control number 2016054719
020 ## - INTERNATIONAL STANDARD BOOK NUMBER
International Standard Book Number 9781259548147
Qualifying information alk. paper
International Standard Book Number 1259548147
Qualifying information alk. paper
035 ## - SYSTEM CONTROL NUMBER
System control number 17917337
040 ## - CATALOGING SOURCE
Original cataloging agency DLC
Language of cataloging eng
Transcribing agency DLC
Description conventions rda
042 ## - AUTHENTICATION CODE
Authentication code pcc
050 00 - LIBRARY OF CONGRESS CALL NUMBER
Classification number HF5823
Item number .B387 2018
082 00 - DEWEY DECIMAL CLASSIFICATION NUMBER
Classification number 659.1
Edition number 23
100 1# - MAIN ENTRY--PERSONAL NAME
Personal name Belch, George E.
Fuller form of name (George Edward),
Dates associated with a name 1951-
245 10 - TITLE STATEMENT
Title Advertising and promotion :
Remainder of title an integrated marketing communications perspective /
Statement of responsibility, etc George E. Belch & Michael A. Belch, both of San Diego State University.
250 ## - EDITION STATEMENT
Edition statement 11e.
264 #1 - PRODUCTION, PUBLICATION, DISTRIBUTION, MANUFACTURE, AND COPYRIGHT NOTICE
Place of production, publication, distribution, manufacture New York, NY :
Name of producer, publisher, distributor, manufacturer McGraw-Hill,
Date of production, publication, distribution, manufacture, or copyright notice [2018]
300 ## - PHYSICAL DESCRIPTION
Extent xli, 764 pages :
Other physical details color illustrations ;
Dimensions 29 cm
336 ## - CONTENT TYPE
Content type term text
Source rdacontent
337 ## - MEDIA TYPE
Media type term unmediated
Source rdamedia
338 ## - CARRIER TYPE
Carrier type term volume
Source rdacarrier
504 ## - BIBLIOGRAPHY, ETC. NOTE
Bibliography, etc Includes bibliographical references and indexes.
650 #0 - SUBJECT ADDED ENTRY--TOPICAL TERM
Topical term or geographic name as entry element Advertising.
Topical term or geographic name as entry element Sales promotion.
Topical term or geographic name as entry element Communication in marketing.
700 1# - ADDED ENTRY--PERSONAL NAME
Personal name Belch, Michael A.
906 ## - LOCAL DATA ELEMENT F, LDF (RLIN)
a 7
b cbc
c orignew
d 1
e ecip
f 20
g y-gencatlg
942 ## - ADDED ENTRY ELEMENTS (KOHA)
Source of classification or shelving scheme Library of Congress Classification
Koha item type Long Loan Books
Holdings
Withdrawn status Lost status Source of classification or shelving scheme Damaged status Not for loan Collection code Home library Current library Shelving location Date acquired Source of acquisition Total Checkouts Full call number Barcode Date last seen Price effective from Koha item type
    Library of Congress Classification     Non-fiction Rongo University Library Rongo University Library General Stacks 16/04/2026 Books for Africa, Donation   HF5823 .B387 2018 20261673 16/04/2026 16/04/2026 Long Loan Books
    Library of Congress Classification     Non-fiction Rongo University Library Rongo University Library General Stacks 16/04/2026 Books for Africa, Donation   HF5823 .B387 2018 20261674 16/04/2026 16/04/2026 Long Loan Books
    Library of Congress Classification     Non-fiction Rongo University Library Rongo University Library General Stacks 16/04/2026 Books for Africa, Donation   HF5823 .B387 2018 20261675 16/04/2026 16/04/2026 Long Loan Books

© 2026 Rongo University
Contact us: librarian | system librarian | Rongo university